Polarización, soledad y algoritmos : una radiografía de las nuevas generaciones /

Guardat en:
Dades bibliogràfiques
Autor principal: Gutiérrez Rubí, Antoni (autor)
Format: Llibre
Idioma:espanyol
Publicat: Madrid, España : Siglo XXI, 2025, c2025
Col·lecció:(Ciencias Sociales Siglo XXI)
Matèries:
Etiquetes: Afegir etiqueta
Sense etiquetes, Sigues el primer a etiquetar aquest registre!

MARC

LEADER 00000nam^a2200000^a^4500
001 000627566
005 20260204000000.0
009 20260310134056.596
020 |a 978-84-323-2147-4 
037 |a Acervo ITESO - Biblioteca 
041 |a ESP 
082 |a 305. 235  |b GUT 
100 |a Gutiérrez Rubí, Antoni  |e (autor) 
245 1 0 |a Polarización, soledad y algoritmos :  |b una radiografía de las nuevas generaciones /  |c A. Gutiérrez Rubí. 
264 4 |a Madrid, España :  |b Siglo XXI,  |c 2025, c2025 
300 |a 230 p. 
336 |a texto  |b txt  |2 rdacontenido 
337 |a sin mediación  |b n  |2 rdamedio 
338 |a volumen  |b nc  |2 rdasoporte 
440 1 |a (Ciencias Sociales Siglo XXI) 
521 |a FIL 2025 DIA 
649 |a XX 
650 |a Jóvenes -  |x Condiciones Sociales y Culturales -  |x Tema Principal 
650 |a Jóvenes -  |x Condiciones Políticas -  |x Tema Principal 
650 |a Generación (Ciencias Sociales) -  |x Tema Principal 
650 |a Tecnología y Sociedad 
650 |a Estructura Demográfica 
650 |a Demografía 
650 |a Sociología 
910 |a Fondo General 
920 |a Impresos - Libros 
930 |a Colección General 
905 |a 101 
901 |a 627566-10  |b IT1  |c ACC  |i C192179  |u 20260204 
902 |a https://opac.biblio.iteso.mx/vufind/Record/000627566